000 01498cas a2200265 a 4500
003 DLC
005 20250623075630.0
008 250623c1988 us|qr|p|r|||| 00| 0 spa d
022 _a0895-4852
035 _aUPN01000059286
040 _aMX-MxUPN
_bspa
_cMX-MxUPN
_eaacr2
245 0 0 _aAcademic questions
260 _aEUA :
_bNational Associations of Schoolars,
_c1988-
310 _aTrimestral
510 0 _aHigher Education Abstracts;Lang
510 0 _aLang Behavior Abstracts;Sociological Abstracts
520 _aEs una publicación dedicada a fortalecer la integridad de la investigación y la enseñanza, Academic Questions examina los problemas que surgen de la interacción entre la política, la ideología, la investigación y la enseñanza en la educación superior. Entre la amplia gama de cuestiones exploradas en la revista se encuentran el mantenimiento de los estándares académicos, la calidad y la imparcialidad de la revisión por pares, la preservación de la tolerancia intelectual y la civismo en el campus y dentro de las asociaciones académicas, y la relación entre el gobierno y la educación. Una crítica de la academia por parte de los propios académicos, Academic Questions defiende las tradiciones del humanismo y la libertad intelectual.
650 4 _aEducación superior
_932
650 4 _aIdeología
_96793
653 0 _aPolítica
653 0 _aInvestigación educativa
902 _aGloria Jiménez/230625
905 _aRevista
942 _cREV-I
999 _c59286
_d59286